000 00848nam1a22002531 4500
001 rc\3034507
005 20250807185104.0
035 _a(NLR Aleph) 007175210
090 _a76339
_c76339
100 _a20111003d1942 u y0rusy50 ca
101 0 _arus
102 _aRU
105 _ay z |||||
200 1 _aТруды Сухумского государственного педагогического института
_eI-
_fНар. ком. просвещения ГССР
210 _aСухуми
_cАбгиз
_d1942
215 _d22 см
710 0 2 _aСухумский педагогический институт
801 0 _aRU
_bNLR
_gpsbo
801 1 _aRU
_bELAR
_2rusmarc
852 _aNLR
_jПр40 Г-5/18
942 _cBOOK
945 _aРоссийская национальная библиотека
980 _aNB
980 _aBV